|
|
|
|
| LEADER |
01075nab#a2200313#ar4500 |
| 001 |
000074029 |
| 003 |
SVKKK |
| 005 |
20040512xxxxxxx. |
| 008 |
06 c xo huno |
| FMT |
|
|
|
| 038 |
|
|
|a SVKKK
|
| 040 |
|
|
|a SVKKK
|b slo
|e AACR2
|
| 041 |
0 |
|
|a hun
|
| 044 |
|
|
|a xo
|c SK
|
| 080 |
|
|
|a 282
|
| 242 |
1 |
0 |
|a Nový farár Sniny
|
| 245 |
0 |
0 |
|a Az uj szinnai plébános
|
| 500 |
|
|
|a mikrofilm
|
| 520 |
2 |
|
|a Správa o tom, že po smrti farára Sniny Andreja Lehoczkého bol na jeho miesto menovaný rímskokatolícky farár Karol (Károy) Grund na základe návrhu zemepána a patróna Sniny grófa Jozefa (József) Degenfelda a odsúhlasenia košickým biskupom Augustínom Fischer-Colbrie.
|
| 650 |
0 |
4 |
|a rímskokatolícky farský úrad, Snina - Grund, Karol (farár rímskokatolícky) - menovanie úpradné - Humenné - august 1912 - správy
|
| 773 |
0 |
|
|t Felvidéki Hirlap
|g Roč. 5, č. 14 (01.09.1912) s. 2
|
| 957 |
|
|
|a Humenné
|
| 958 |
|
|
|a CI
|
| 958 |
|
|
|a DG
|
| 958 |
|
|
|a SK
|
| 974 |
|
|
|a Ba
|d 20040512
|
| 992 |
|
|
|a RBX
|
| BAS |
|
|
|
| 998 |
|
|
|a RETRO
|